000 00623cam a2200229u 4500
999 _c10244
_d10244
001 10244
003 BD-JhCC
005 20180520124636.0
008 180421s19591921nyu 000 0 eng
035 _a(BD-JhCC)10244
040 _aDLC
_cCarP
_dDLC
_dBD-JhCC
041 _aeng
050 0 0 _aPS3529.N5
_bD4 1959
082 _bONE 1959
_a812.5
100 1 _aO'Neill, Eugene,
245 1 0 _aD̀esire under the Elms and T̀he Hairy Ape /
_cEugene O'Neill,
260 _aNew York :
_bBoni & Liveright,
_c1959.
300 _a124 p. :
_c20 cm.
600 _aO'Neill, Eugene,
_d1888-1953
942 _2ddc
_cBK